Most Subscribed YouTuber's - Statistics

General Stats
  • This quiz has been taken 49 times
  • The average score is 8 of 25
Answer Stats
Rank Country Subscribers Answer % Correct
1 USA 310M MrBeast
100%
8 Sweden 111M PewDiePie
84%
2 India 271M T-Series
84%
24 India 69.1M T-Series Bhakti Sagar
84%
3 USA 180M Cocomelon
55%
10 USA 103M WWE
36%
7 Russia/USA 119M Like Nastya
32%
4 India 176M SET India
32%
22 Canada 73.3M Justin Bieber
27%
13 South Korea 94.5M Blackpink
25%
6 Russia/USA 123M Vlad and Niki
25%
17 Cyprus 80.8M 5-Minute Crafts
18%
5 USA/Ukraine 124M Kids Diana Show
18%
9 India 109M Zee Music Company
18%
16 India 83M Zee TV
18%
15 USA 84.1M Stokes Twins
16%
18 South Korea 78.8M BANGTANTV
14%
11 India 99.1M Goldmines
14%
14 India 92.4M ChuChu TV
11%
19 South Korea 77M Pinkfong
11%
21 India 75.1M Colors TV
9%
12 India 94.8M Sony SAB
9%
20 South Korea 75.5M Hype Labels
5%
23 India 69.2M Shemaroo Filmi Gaane
5%
25 India 67.9M Tip Official
0%
No matching quizzes found
Score Distribution
Percent of People with Each Score
Percentile by Number Answered
Your Score History
You have not taken this quiz